01326agaaa2200277 45000010005000000030009000050050017000140070009000310080040000400400023000800410013001031000053001161300041001692450131002102500022003412600123003633000034004865200065005205380009005855460013005946500067006077000065006749420012007399990019007519520278007700560IT-RoPAU20220918181308.0d cvaizq50131s9999||||xx ||| | || ||und|| aIT-RoPAUcIT-RoPAU aITALIANO aMonge AttiliogCodice regista SPICS: 3643955343 aABORTO: LIBERTA' DI UCCIDERE?955344 aABORTO: LIBERTA' DI UCCIDERE?cDiretto da: Monge AttiliopABORTO: LIBERTA' DI UCCIDERE? (Rif. Codice opera principale : V0560) aEdizione Standard aROMA (ITALIA)bSAMPAOLO FILM AUDIOVISIVI / Distribuzione: SPF FIRENZEg"1986 (1° ed.: 1993 ; Ed. Lingua Orig.: 1986)" a16MMbsonoro, col.c16 minuti aUNA PROPOSTA DI DISCUSSIONE PER ADULTI SUL TEMA DELL'ABORTO. aMONO aITALIANO aDIDATTICOePELLICOLE [16MM]xCodice MATERIA SPICS: 9956937993 aMonge Attilio e(regista)gCodice regista SPICS: 3643955345 cMM2ddc c108335d108335 0010406V_0560_00000000000000071aSPICSbSPICSd2015-01-31l0oV0560r2015-01-31 00:00:00w2015-01-31yMMzProgr. Ins.: 892 / N.Vol.:1 / Copie: 1 / Pag.:0 / Copia rara: n.d. / date import: 1.2.2015 / By Epidotti, Trombetti, Vaglietti - CUSTODITA PRESSO FILMOTECA VATICANA